| 000 | 01086nam a22001697a 4500 | ||
|---|---|---|---|
| 008 | 111011t xxu||||| |||| 00| 0 eng d | ||
| 020 | _a067430442x | ||
| 050 | _aDK266.H79 | ||
| 100 | _aHosking, Geoffrey, | ||
| 245 |
_aThe first socialist society: a history of the soviet union from within / _cGeoffrey Hosking |
||
| 250 | _aEnlarged ed. | ||
| 260 |
_aCambridge, Mass.: _bHarvard Univversity Press, _c1990. |
||
| 300 |
_a556 p.: _bill., _c24cm. |
||
| 500 | _aIncludes bibliographical references and index. | ||
| 505 | _aContents:Introduction -- The October Revolution -- War communism -- The Making of the Soviet Union -- The New economic policy and its political dilemas -- Revolution from above -- Stalin's terror -- Stalinist society -- Religion and nationality under the Soviet State -- The Great fatherland war -- The Last years of Stalin -- Khrushchev and de-Stalinization -- Soviet society under "Developed Socialism" -- Religion, nationality and dissent -- The Soviet Union in the 1980's: an impass and its causes -- Chronology -- Statistical tables -- Maps. | ||
| 942 |
_2lcc _cBK |
||
| 999 |
_c158 _d7658 |
||